000 01079nam a22002297a 4500
005 20220520162650.0
008 220520b ||||| |||| 00| 0 eng d
040 _cAloy
041 _akan
082 _223
_aK894.8
_bPRAT
100 _aPrabhakara Joshi M: ಪ್ರಭಾಕರ ಜೋಶಿ ಎಂ
_938315
245 _aTattva Manana: Dharma tattva darshana purana vichara:
_bತತ್ತ್ವ ಮನನ: ಧರ್ಮ ತತ್ತ್ವ ದರ್ಶನ ಪುರಾಣ ವಿಚಾರ
260 _aMangaluru:
_bAakrithi Aashaya Publication,
_c2016.
300 _aviii,191p.
_bPB
_c21x14cm.
365 _2Kannada
_a328
_b153.00
_c
_d180.00
_e15%
_f12-05-2022
650 _aKannada Miscellaneous: ಕನ್ನಡ ವಿವಿಧ
_938303
650 _aKannada Literature: ಕನ್ನಡ ಸಾಹಿತ್ಯ
_938304
650 _aShaiva Darshanagalu: ಶೈವ ದರ್ಶನಗಳು
_938305
650 _2Purana Adhyayana: ಪುರಾಣ ಅಧ್ಯಯನ
700 _aJOSHI (M Prabhakara): ಜೋಶಿ (ಎಂ ಪ್ರಭಾಕರ)
_938306
942 _2ddc
_cBK
999 _c223041
_d223041